To develop a software cable of calculating deformation and resultant stresses in a panel and verify results using COSMOS & SYS-5000 (Record no. 326419)

000 -LEADER
fixed length control field 00439 a2200121 4500
001 - CONTROL NUMBER
control field 91346
082 ## - DEWEY DECIMAL CLASSIFICATION NUMBER
Classification number PR 1248
090 ## - LOCALLY ASSIGNED LC-TYPE CALL NUMBER (OCLC); LOCAL CALL NUMBER (RLIN)
-- 43466
-- 43465
100 ## - MAIN ENTRY--PERSONAL NAME
Personal name Muhammad Sohail Arshad; Prof Amir Mansoor (Advisor)
245 ## - TITLE STATEMENT
Title To develop a software cable of calculating deformation and resultant stresses in a panel and verify results using COSMOS & SYS-5000
Number of part/section of a work 46 "A" EC
260 ## - PUBLICATION, DISTRIBUTION, ETC.
Place of publication, distribution, etc. Karachi
Name of publisher, distributor, etc. NED University
Date of publication, distribution, etc. 1997
500 ## - GENERAL NOTE
General note BE Project Reports
942 ## - ADDED ENTRY ELEMENTS (KOHA)
Institution code [OBSOLETE] CAE NUST
Call number prefix PR 1248
Holdings
Withdrawn status Lost status Damaged status Not for loan Collection code Permanent Location Current Location Date acquired Total Checkouts Full call number Barcode Date last seen Price effective from Koha item type
          College of Aeronautical Engineering (CAE) College of Aeronautical Engineering (CAE) 04/03/2017   PR 1248 CAEPR-1248 04/05/2017 04/05/2017 Book
© 2023 Central Library, National University of Sciences and Technology. All Rights Reserved.